[Event "5. Campeonato Iberoamericano 2014"]
[Site "Linares ESP"]
[Date "2014.07.24"]
[Round "3.21"]
[White "Romero Berruezo, Francisco"]
[Black "Ruiz C, Joshua D"]
[Result "1/2-1/2"]
[WhiteElo "2211"]
[BlackElo "2374"]
[PlyCount "161"]
[EventDate "2014.07.22"]
[EventType "swiss"]
[EventRounds "9"]
[EventCountry "ESP"]
[Source "lmi"]
[SourceDate "2014.07.22"]

1. Nf3 c5 2. c4 Nc6 3. d4 cxd4 4. Nxd4 g6 5. e4 Bg7 6. Be3 Nf6 7. Nc3 Ng4 8.
Qxg4 Nxd4 9. Qd1 Nc6 10. Rc1 O-O 11. Qd2 d6 12. Be2 a5 13. b3 Bd7 14. O-O Nb4
15. Rfd1 b6 16. Nb5 Bc6 17. f3 Na6 18. Nd4 Bb7 19. Rb1 Nc5 20. Bf1 Qc7 21. Rdc1
Rfc8 22. Qf2 h5 23. Nb5 Qd8 24. Rd1 Kh7 25. g3 Bc6 26. Nd4 Bd7 27. Bg2 Qe8 28.
Bf1 Bf6 29. Ne2 b5 30. Nf4 Rab8 31. Nd5 Bg7 32. Bg5 f6 33. Bd2 b4 34. Bg2 e6
35. Ne3 Bc6 36. g4 hxg4 37. Nxg4 Qe7 38. Qh4+ Kg8 39. Bh6 Bh8 40. e5 dxe5 41.
Be3 Nd7 42. Rd2 g5 43. Qg3 f5 44. Nh6+ Kh7 45. Bxg5 Bf6 46. h4 Bxg5 47. hxg5
Kg6 48. f4 e4 49. Qe3 Qc5 50. Kf2 Qxe3+ 51. Kxe3 Nc5 52. Rd6 Rb7 53. Rbd1 Re7
54. Rd8 Rxd8 55. Rxd8 Nd3 56. Rxd3 exd3 57. Bxc6 e5 58. fxe5 Kxg5 59. Ng8 Rxe5+
60. Kxd3 f4 61. Be4 Re8 62. Bd5 f3 63. Bxf3 Rxg8 64. c5 Kf4 65. Bb7 Ke5 66. Kc4
Rg5 67. Ba8 Rh5 68. Bb7 Rf5 69. Ba8 Rf2 70. Kb5 Rxa2 71. Bf3 Ra1 72. Be2 Ke6
73. Bc4+ Ke5 74. c6 Kd6 75. Kb6 Rh1 76. Kxa5 Kxc6 77. Kxb4 Kb6 78. Kc3 Rh3+ 79.
Kd4 Rh4+ 80. Kd5 Rh1 81. Kd4 1/2-1/2

[Event "5. Campeonato Iberoamericano 2014"]
[Site "Linares ESP"]
[Date "2014.07.24"]
[Round "3.22"]
[White "Cruz Lledo, Pablo"]
[Black "Coppola, Claudio"]
[Result "1/2-1/2"]
[WhiteElo "2373"]
[BlackElo "2190"]
[PlyCount "86"]
[EventDate "2014.07.22"]
[EventType "swiss"]
[EventRounds "9"]
[EventCountry "ESP"]
[Source "lmi"]
[SourceDate "2014.07.22"]

1. d4 Nf6 2. c4 c5 3. d5 b5 4. f3 bxc4 5. e4 d6 6. Bxc4 g6 7. Ne2 Bg7 8. O-O
O-O 9. Nec3 Nbd7 10. Be2 Qb6 11. Na3 Ba6 12. Rb1 Rab8 13. Be3 Qa5 14. Nc4 Bxc4
15. Bxc4 Rxb2 16. Rxb2 Qxc3 17. Qe2 Nxd5 18. Rb3 Qxe3+ 19. Rxe3 Nxe3 20. Rb1
Bd4 21. Kh1 Nb6 22. Bb5 c4 23. a4 a6 24. Bxa6 Nxa4 25. Qd2 e5 26. Rc1 c3 27.
Qa2 Nc5 28. Bc4 Kg7 29. Rb1 Rc8 30. Be2 c2 31. Rc1 Rb8 32. Rxc2 Nxc2 33. Qxc2
Rb2 34. Qd1 Ra2 35. Bf1 Ra1 36. Qe2 Na4 37. Qa6 Re1 38. g3 Nc3 39. Kg2 Nd1 40.
Kh3 Nf2+ 41. Kg2 Nd1 42. Kh3 Nf2+ 43. Kg2 Nd1 1/2-1/2

[Event "5. Campeonato Iberoamericano 2014"]
[Site "Linares ESP"]
[Date "2014.07.24"]
[Round "3.23"]
[White "Aizpurua, Patrick"]
[Black "Ladron De Guevara Pinto, Paolo"]
[Result "0-1"]
[WhiteElo "2190"]
[BlackElo "2355"]
[PlyCount "88"]
[EventDate "2014.07.22"]
[EventType "swiss"]
[EventRounds "9"]
[EventCountry "ESP"]
[Source "lmi"]
[SourceDate "2014.07.22"]

1. c4 g6 2. g3 Bg7 3. Bg2 c5 4. Nc3 Nc6 5. a3 e6 6. b4 d6 7. Rb1 Nge7 8. Nf3
O-O 9. O-O f5 10. Na4 b6 11. d4 cxd4 12. Bb2 Bd7 13. b5 Na5 14. Bxd4 e5 15. Bc3
Nxc4 16. Ng5 Rc8 17. Bd5+ Nxd5 18. Qxd5+ Kh8 19. Nf7+ Rxf7 20. Qxf7 Nxa3 21.
Rb4 Nxb5 22. Ba1 Nc7 23. Qa2 Be6 24. Qd2 b5 25. Nb2 a5 26. Rh4 Bf6 27. Rh3 b4
28. Qh6 Qg8 29. f4 Qg7 30. fxe5 Qxh6 31. Rxh6 dxe5 32. Nd3 Kg7 33. Rh4 Bxh4 34.
gxh4 Nd5 35. Bxe5+ Kg8 36. Ra1 Ra8 37. Nc5 Bf7 38. e4 fxe4 39. Nxe4 a4 40. Nf6+
Nxf6 41. Bxf6 a3 42. Be7 Rb8 43. Bxb4 Rxb4 44. Rxa3 Rxh4 0-1

[Event "5. Campeonato Iberoamericano 2014"]
[Site "Linares ESP"]
[Date "2014.07.25"]
[Round "4.1"]
[White "Alonso Rosell, Alvar"]
[Black "Bachmann, Axel"]
[Result "1/2-1/2"]
[WhiteElo "2531"]
[BlackElo "2652"]
[PlyCount "85"]
[EventDate "2014.07.22"]
[EventType "swiss"]
[EventRounds "9"]
[EventCountry "ESP"]
[Source "lmi"]
[SourceDate "2014.07.22"]

1. d4 Nf6 2. c4 e6 3. Nf3 Bb4+ 4. Bd2 a5 5. g3 d6 6. Bg2 Nbd7 7. O-O e5 8. Be3
O-O 9. a3 exd4 10. Bxd4 Bc5 11. b3 Bxd4 12. Nxd4 Nb6 13. Nd2 c6 14. b4 Qe7 15.
Qb3 Qe5 16. e3 Qh5 17. Rfc1 Nbd7 18. Qd1 Qg6 19. Qc2 Ne5 20. Qxg6 hxg6 21. N4b3
axb4 22. axb4 Be6 23. Bf1 g5 24. Nd4 g4 25. Nxe6 fxe6 26. h3 gxh3 27. Bxh3 Kf7
28. b5 Nd3 29. Rcb1 cxb5 30. Rxa8 Rxa8 31. Rxb5 Ra1+ 32. Bf1 Ng4 33. Rxb7+ Kg6
34. Rb1 Rxb1 35. Nxb1 Ndxf2 36. Be2 Kf5 37. Nc3 d5 38. cxd5 exd5 39. Bf3 Ne4
40. Nxd5 Nxg3 41. Kg2 Nh5 42. Bd1 Kg5 43. Bxg4 1/2-1/2

[Event "5. Campeonato Iberoamericano 2014"]
[Site "Linares ESP"]
[Date "2014.07.25"]
[Round "4.2"]
[White "Gonzalez Acosta, Bernal"]
[Black "Korneev, Oleg"]
[Result "1/2-1/2"]
[WhiteElo "2458"]
[BlackElo "2594"]
[PlyCount "63"]
[EventDate "2014.07.22"]
[EventType "swiss"]
[EventRounds "9"]
[EventCountry "ESP"]
[Source "lmi"]
[SourceDate "2014.07.22"]

1. d4 Nf6 2. c4 e6 3. g3 d5 4. Nf3 Be7 5. Bg2 O-O 6. O-O dxc4 7. Qc2 a6 8. a4
Bd7 9. Qxc4 Bc6 10. Bf4 a5 11. Nc3 Na6 12. Ne5 Bxg2 13. Kxg2 Nd5 14. Rad1 c6
15. Bc1 Nxc3 16. bxc3 Qd5+ 17. Qxd5 exd5 18. Bf4 g5 19. Bd2 f6 20. Nd7 Rfd8 21.
Nb6 Ra7 22. c4 dxc4 23. Bxa5 Bb4 24. Bxb4 Nxb4 25. Rb1 Nd5 26. e3 Nxb6 27. Rxb6
Rxa4 28. Rxb7 c5 29. dxc5 c3 30. c6 Rc4 31. Ra1 c2 32. Raa7 1/2-1/2

[Event "5. Campeonato Iberoamericano 2014"]
[Site "Linares ESP"]
[Date "2014.07.25"]
[Round "4.3"]
[White "Fernandez Garcia, Jose Miguel"]
[Black "Milos, Gilberto"]
[Result "1/2-1/2"]
[WhiteElo "2353"]
[BlackElo "2583"]
[PlyCount "69"]
[EventDate "2014.07.22"]
[EventType "swiss"]
[EventRounds "9"]
[EventCountry "ESP"]
[Source "lmi"]
[SourceDate "2014.07.22"]

1. e4 e5 2. Nf3 Nc6 3. Bb5 a6 4. Ba4 Nf6 5. d3 b5 6. Bb3 Be7 7. Nc3 d6 8. a4 b4
9. Nd5 Na5 10. Ba2 Nxd5 11. Bxd5 c6 12. Ba2 Rb8 13. O-O O-O 14. d4 exd4 15.
Nxd4 c5 16. Nf5 Bxf5 17. exf5 b3 18. cxb3 Bf6 19. Qd5 Rb4 20. Rd1 Qb6 21. Bd2
Rd4 22. Bxa5 Qxa5 23. Rxd4 Bxd4 24. Rd1 Qb6 25. g3 a5 26. Kg2 Qd8 27. Re1 Re8
28. Rxe8+ Qxe8 29. Bb1 h6 30. Be4 Bxb2 31. Qa8 Qxa8 32. Bxa8 Kf8 33. f4 Ke7 34.
Kf3 Ke8 35. Ke4 1/2-1/2

[Event "5. Campeonato Iberoamericano 2014"]
[Site "Linares ESP"]
[Date "2014.07.25"]
[Round "4.4"]
[White "Vazquez Igarza, Renier"]
[Black "Del Rio De Angelis, Salvador G"]
[Result "1-0"]
[WhiteElo "2603"]
[BlackElo "2520"]
[PlyCount "89"]
[EventDate "2014.07.22"]
[EventType "swiss"]
[EventRounds "9"]
[EventCountry "ESP"]
[Source "lmi"]
[SourceDate "2014.07.22"]

1. d4 d6 2. Nf3 g6 3. c4 f5 4. Nc3 Nf6 5. g3 Bg7 6. Bg2 O-O 7. O-O e6 8. b3 Ne4
9. Bb2 Nc6 10. e3 Nxc3 11. Bxc3 Qe7 12. b4 e5 13. b5 Nd8 14. dxe5 dxe5 15. Qb3
Re8 16. Rad1 e4 17. Nd4 Nf7 18. Bb4 Qf6 19. f3 exf3 20. Bxf3 Ne5 21. Bg2 a5 22.
c5+ Kh8 23. Bc3 a4 24. Qb4 Ng4 25. Rde1 Ne5 26. Rd1 Ng4 27. Rde1 Ne5 28. Ne2
Qf7 29. Nf4 a3 30. Bd5 Qe7 31. Bb3 c6 32. Bd4 b6 33. bxc6 bxc5 34. Bxc5 Qc7 35.
Bd6 Qxc6 36. Bd5 Qa4 37. Bxa8 Qxa8 38. Bxe5 Bxe5 39. Rf2 Qc6 40. Rb1 Bb2 41.
Rfxb2 axb2 42. Qxb2+ Kg8 43. Rc1 Qd6 44. Qb3+ Kg7 45. Rxc8 1-0

[Event "5. Campeonato Iberoamericano 2014"]
[Site "Linares ESP"]
[Date "2014.07.25"]
[Round "4.5"]
[White "Ortiz Suarez, Isan Reynaldo"]
[Black "Sos Andreu, Eric"]
[Result "1/2-1/2"]
[WhiteElo "2592"]
[BlackElo "2345"]
[PlyCount "69"]
[EventDate "2014.07.22"]
[EventType "swiss"]
[EventRounds "9"]
[EventCountry "ESP"]
[Source "lmi"]
[SourceDate "2014.07.22"]

1. e4 c6 2. d4 d5 3. e5 c5 4. dxc5 Nc6 5. Nf3 Bg4 6. c3 e6 7. Be3 Bxf3 8. Qxf3
Nxe5 9. Bb5+ Nc6 10. O-O Nf6 11. c4 Be7 12. Nc3 O-O 13. Rfd1 Qa5 14. a3 dxc4
15. Bxc4 Bxc5 16. b4 Bxb4 17. axb4 Qxb4 18. Ne4 Qxc4 19. Nxf6+ gxf6 20. Bh6 Qh4
21. Bxf8 Rxf8 22. Rab1 Ne5 23. Qe3 Ng4 24. Qf4 e5 25. Qg3 Qxg3 26. hxg3 Rc8 27.
f3 Ne3 28. Rd3 Nf5 29. Rxb7 Nxg3 30. Rdd7 Rf8 31. Rxa7 Ne2+ 32. Kf2 Nf4 33. g3
Ne6 34. Re7 Nd4 35. Ra1 1/2-1/2

[Event "5. Campeonato Iberoamericano 2014"]
[Site "Linares ESP"]
[Date "2014.07.25"]
[Round "4.6"]
[White "Baules, Jorge"]
[Black "Anton Guijarro, David"]
[Result "1/2-1/2"]
[WhiteElo "2317"]
[BlackElo "2631"]
[PlyCount "68"]
[EventDate "2014.07.22"]
[EventType "swiss"]
[EventRounds "9"]
[EventCountry "ESP"]
[Source "lmi"]
[SourceDate "2014.07.22"]

1. d4 f5 2. g3 Nf6 3. Bg2 g6 4. c4 Bg7 5. Nc3 O-O 6. Nf3 d6 7. O-O c6 8. Re1
Na6 9. Rb1 Ne4 10. Qc2 Nxc3 11. bxc3 e5 12. dxe5 dxe5 13. Ba3 c5 14. e4 f4 15.
Red1 Qe7 16. gxf4 exf4 17. Rd5 Be6 18. Nd4 Bxd4 19. cxd4 f3 20. Re5 Qd7 21. d5
Bh3 22. Bxh3 Qxh3 23. Rg5 Rf4 24. Rg3 Rg4 25. Kh1 Rxg3 26. fxg3 Re8 27. Rg1 Rf8
28. Qf2 Qg4 29. Re1 b6 30. d6 Kf7 31. Qd2 Ke8 32. Qf2 Kd7 33. e5 Ke6 34. Qd2
Qd4 1/2-1/2

[Event "5. Campeonato Iberoamericano 2014"]
[Site "Linares ESP"]
[Date "2014.07.25"]
[Round "4.7"]
[White "Matnadze, Ana"]
[Black "Cori, Jorge"]
[Result "0-1"]
[WhiteElo "2389"]
[BlackElo "2608"]
[PlyCount "76"]
[EventDate "2014.07.22"]
[EventType "swiss"]
[EventRounds "9"]
[EventCountry "ESP"]
[Source "lmi"]
[SourceDate "2014.07.22"]

1. e4 c5 2. Nc3 Nc6 3. f4 g6 4. Nf3 Bg7 5. Bc4 e6 6. O-O Nge7 7. d3 O-O 8. Qe1
d5 9. Bb3 Na5 10. f5 Nxb3 11. axb3 exf5 12. Qh4 d4 13. Na4 Nc6 14. exf5 Bxf5
15. Nxc5 Qd5 16. Ng5 h6 17. Nge4 Bxe4 18. Nxe4 f5 19. Ng3 Kh7 20. Bd2 Rae8 21.
Rf2 Ne5 22. h3 Rc8 23. Ra5 Rc5 24. Rxa7 Rxc2 25. Bxh6 Rxf2 26. Bxg7+ Kxg7 27.
Kxf2 Nxd3+ 28. Kg1 f4 29. Ne2 Qe4 30. Qg4 Ne5 31. Qh4 d3 32. Nc3 Qe3+ 33. Qf2
d2 34. Rxb7+ Kg8 35. Re7 Qe1+ 36. Qf1 f3 37. g4 Nd3 38. Re4 Qg3+ 0-1

[Event "5. Campeonato Iberoamericano 2014"]
[Site "Linares ESP"]
[Date "2014.07.25"]
[Round "4.8"]
[White "Larrea, Manuel"]
[Black "Forcen Esteban, Daniel"]
[Result "0-1"]
[WhiteElo "2333"]
[BlackElo "2535"]
[PlyCount "131"]
[EventDate "2014.07.22"]
[EventType "swiss"]
[EventRounds "9"]
[EventCountry "ESP"]
[Source "lmi"]
[SourceDate "2014.07.22"]

1. e4 c5 2. Nf3 Nc6 3. c3 Nf6 4. e5 Nd5 5. d4 cxd4 6. cxd4 d6 7. Bc4 Nb6 8. Bb3
dxe5 9. d5 Na5 10. Nc3 Bg4 11. Ba4+ Nxa4 12. Qxa4+ Bd7 13. Qe4 f6 14. Bd2 Rc8
15. b3 b6 16. Nh4 Nb7 17. Ng6 Nc5 18. Qc2 Rg8 19. Rd1 e4 20. Nf4 Bb5 21. b4
Nd3+ 22. Nxd3 Bxd3 23. Qb3 Qd7 24. f3 f5 25. Kf2 e6 26. dxe6 Qd4+ 27. Be3 Qxc3
28. e7 Qxb3 29. exf8=Q+ Rxf8 30. axb3 Rf7 31. Rc1 Bc2 32. Rhd1 Rfc7 33. Rd5 g6
34. Bf4 Rc6 35. b5 Rc3 36. fxe4 Bxe4 37. Re5+ Kf7 38. Rxc3 Rxc3 39. Bg5 Rc7 40.
h4 Bc2 41. b4 Rd7 42. g3 Bd3 43. Ke3 Bc4 44. Kf4 Be6 45. Ke3 Rd1 46. Ke2 Rd4
47. Bd2 Kf6 48. Re3 Bc4+ 49. Ke1 Re4 50. Rxe4 fxe4 51. Bf4 Bxb5 52. Bb8 a5 53.
Ba7 axb4 54. Bxb6 Kf5 55. Kf2 b3 56. Bd4 Kg4 57. Be5 Bc6 58. Ke3 Kh3 59. Kf2
Bb7 60. Ke3 Kg2 61. Ke2 Bc6 62. Ke3 Kf1 63. Bc3 h5 64. Bf6 Ke1 65. Ba1 Kd1 66.
Kd4 0-1

[Event "5. Campeonato Iberoamericano 2014"]
[Site "Linares ESP"]
[Date "2014.07.25"]
[Round "4.9"]
[White "Ibarra Jerez, Jose Carlos"]
[Black "Vega Gutierrez, Sabrina"]
[Result "1-0"]
[WhiteElo "2521"]
[BlackElo "2400"]
[PlyCount "72"]
[EventDate "2014.07.22"]
[EventType "swiss"]
[EventRounds "9"]
[EventCountry "ESP"]
[Source "lmi"]
[SourceDate "2014.07.22"]

1. e4 c5 2. Nf3 Nc6 3. Nc3 Nf6 4. Bb5 Qc7 5. O-O Nd4 6. Re1 a6 7. Bc4 e6 8. e5
d5 9. exf6 dxc4 10. Nxd4 cxd4 11. Ne4 e5 12. b3 Be6 13. bxc4 O-O-O 14. d3 gxf6
15. Nxf6 Qc6 16. Qh5 Bxc4 17. dxc4 Qxf6 18. Rxe5 Bd6 19. Qf5+ Qxf5 20. Rxf5 Rd7
21. c5 Re8 22. Bg5 Re5 23. Rxe5 Bxe5 24. Re1 f6 25. Bd2 Rd5 26. Bb4 Kd7 27. g3
a5 28. Ba3 d3 29. cxd3 Rxd3 30. Bc1 Bc3 31. Rf1 Bd4 32. Be3 Kc6 33. Bxd4 Rxd4
34. Rb1 Rd7 35. a4 Kxc5 36. Rb5+ Kc4 1-0

[Event "5. Campeonato Iberoamericano 2014"]
[Site "Linares ESP"]
[Date "2014.07.25"]
[Round "4.10"]
[White "Reinaldo Castineira, Roi"]
[Black "Espinosa Aranda, Angel"]
[Result "1/2-1/2"]
[WhiteElo "2486"]
[BlackElo "2388"]
[PlyCount "125"]
[EventDate "2014.07.22"]
[EventType "swiss"]
[EventRounds "9"]
[EventCountry "ESP"]
[Source "lmi"]
[SourceDate "2014.07.22"]

1. d4 d5 2. c4 dxc4 3. Nf3 Nf6 4. e3 e6 5. Bxc4 a6 6. O-O c5 7. dxc5 Qxd1 8.
Rxd1 Bxc5 9. Nbd2 Nbd7 10. Nb3 Be7 11. Bd2 b6 12. Nbd4 Bb7 13. Be1 Rc8 14. Rac1
b5 15. Be2 O-O 16. Nb3 Bd5 17. Nfd4 Nc5 18. Na5 Rfe8 19. b4 Na4 20. Nxb5 Nb2
21. Na7 Ra8 22. Rd2 Bxb4 23. Rxb2 Ba3 24. Rcb1 Bxb2 25. Rxb2 Rxa7 26. f3 e5 27.
e4 Be6 28. Nc6 Rc7 29. Nxe5 Rc1 30. Kf2 Ra1 31. Bxa6 Rxa2 32. Rxa2 Bxa2 33. Bc3
Be6 34. Be2 Ra8 35. Bd4 Ra4 36. Ke3 Ra3+ 37. Nd3 Nd7 38. Bb2 Ra2 39. Bd4 Bc4
40. Nf4 g5 41. Nd3 f6 42. Nc1 Ra3+ 43. Kf2 Bxe2 44. Nxe2 Ra2 45. Kf1 Kf7 46.
Ng3 Ke6 47. Nf5 Ne5 48. Bxe5 Kxe5 49. Nh6 Kf4 50. Kg1 Rb2 51. h3 Ke5 52. Kh2
Ke6 53. Kg3 Ke7 54. h4 gxh4+ 55. Kh3 Ke6 56. Nf5 Ke5 57. Nxh4 Kf4 58. Nf5 Ra2
59. Kh2 Ra1 60. Nh6 Ra5 61. Nf5 Rc5 62. Kh3 Ra5 63. Kh2 1/2-1/2

[Event "5. Campeonato Iberoamericano 2014"]
[Site "Linares ESP"]
[Date "2014.07.25"]
[Round "4.11"]
[White "Escobar Forero, Alder"]
[Black "Almagro Mazariegos, Sebastian"]
[Result "1-0"]
[WhiteElo "2460"]
[BlackElo "2339"]
[PlyCount "109"]
[EventDate "2014.07.22"]
[EventType "swiss"]
[EventRounds "9"]
[EventCountry "ESP"]
[Source "lmi"]
[SourceDate "2014.07.22"]

1. e4 c5 2. Nc3 d6 3. Nf3 Nf6 4. d4 cxd4 5. Nxd4 a6 6. h3 e5 7. Nde2 h5 8. Bg5
Be7 9. Qd3 Be6 10. f4 b5 11. O-O-O Nbd7 12. Nd5 Bxd5 13. exd5 Rc8 14. g4 hxg4
15. Bg2 gxh3 16. Bxh3 Rf8 17. Ng3 Rc5 18. Nf5 Rg8 19. Qa3 Bf8 20. Qxa6 Qc7 21.
fxe5 dxe5 22. Kb1 Qb6 23. Qxb6 Nxb6 24. Be3 Nfxd5 25. Bxc5 Bxc5 26. Bg2 Ne7 27.
Nd6+ Bxd6 28. Rxd6 Nc4 29. Ra6 f5 30. Re1 e4 31. b3 Ne5 32. Bxe4 Rf8 33. Ra8+
Kf7 34. Rxf8+ Kxf8 35. Bxf5 Nf3 36. Rxe7 Kxe7 37. Kb2 Kd6 38. Kc3 Kc5 39. b4+
Kd5 40. Bd7 Nd4 41. Kd3 g5 42. Bxb5 g4 43. Ba6 g3 44. Bb7+ Ke5 45. a4 Nf5 46.
a5 Kd6 47. c4 Nh4 48. Ke2 Ng6 49. Be4 Ne5 50. c5+ Kc7 51. a6 Kb8 52. b5 Ka7 53.
Bb7 Nd7 54. b6+ Kb8 55. Bc6 1-0

[Event "5. Campeonato Iberoamericano 2014"]
[Site "Linares ESP"]
[Date "2014.07.25"]
[Round "4.12"]
[White "Ladron De Guevara Pinto, Paolo"]
[Black "Pardo Simon, David"]
[Result "1/2-1/2"]
[WhiteElo "2355"]
[BlackElo "2457"]
[PlyCount "66"]
[EventDate "2014.07.22"]
[EventType "swiss"]
[EventRounds "9"]
[EventCountry "ESP"]
[Source "lmi"]
[SourceDate "2014.07.22"]

1. e4 e5 2. Nf3 Nc6 3. Bb5 a6 4. Ba4 Nf6 5. O-O Be7 6. Re1 b5 7. Bb3 d6 8. c3
O-O 9. d4 Bg4 10. Be3 Bh5 11. h3 exd4 12. cxd4 Na5 13. Bc2 Nc4 14. Bc1 d5 15.
e5 Ne4 16. Nc3 Nxc3 17. bxc3 b4 18. g4 Bg6 19. Bxg6 fxg6 20. cxb4 Bxb4 21. Rf1
Qd7 22. Rb1 Be7 23. Kg2 c5 24. Qd3 Rf7 25. dxc5 Raf8 26. c6 Qe6 27. Nd4 Qxe5
28. f4 Qd6 29. Rb7 Bf6 30. Rd1 Rxb7 31. cxb7 Qb6 32. Ne2 Rd8 33. Qb3 Qxb3
1/2-1/2

[Event "5. Campeonato Iberoamericano 2014"]
[Site "Linares ESP"]
[Date "2014.07.25"]
[Round "4.14"]
[White "Hoffman, Alejandro"]
[Black "Gemy, Jose Daniel"]
[Result "1/2-1/2"]
[WhiteElo "2450"]
[BlackElo "2330"]
[PlyCount "132"]
[EventDate "2014.07.22"]
[EventType "swiss"]
[EventRounds "9"]
[EventCountry "ESP"]
[Source "lmi"]
[SourceDate "2014.07.22"]

1. d4 d5 2. c4 c6 3. Nf3 Nf6 4. e3 a6 5. Nc3 Bf5 6. Qb3 Ra7 7. a4 e6 8. Be2 a5
9. Ne5 Nfd7 10. cxd5 cxd5 11. O-O Nc6 12. f4 h5 13. Bd2 f6 14. Nf3 h4 15. h3
Be7 16. Rac1 Nf8 17. Nb5 Ra8 18. Bd3 Be4 19. Be1 Bxf3 20. Rxf3 f5 21. Rf2 Kf7
22. Na3 Nb4 23. Bxb4 Bxb4 24. Nb5 Rc8 25. Rxc8 Qxc8 26. Rc2 Qb8 27. Rc7+ Kf6
28. Rc2 Ng6 29. Nc3 Rc8 30. Na2 Rxc2 31. Qxc2 Bd6 32. Nc1 Qc7 33. Qxc7 Bxc7 34.
Bb5 Ke7 35. Nd3 b6 36. Ne1 Kf7 37. Nf3 Bd8 38. Kf2 Be7 39. Bd7 Bf6 40. g3 hxg3+
41. Kxg3 Ke7 42. Bc8 Nf8 43. Ng5 Kd6 44. h4 Ke7 45. h5 Kd6 46. Nf7+ Kc7 47. Ba6
Kd7 48. Ne5+ Kc7 49. Bb5 Kd8 50. Nc6+ Kc7 51. b4 axb4 52. Nxb4 Be7 53. Nc6 Bf6
54. Ne5 Kd8 55. Kf3 Ke7 56. Ke2 Kd8 57. Kd3 Kc7 58. Kc3 Be7 59. Be8 Bd6 60. Nf7
Be7 61. Ng5 Bd6 62. Bf7 Kd7 63. Bg8 Ba3 64. Nf7 Kc7 65. Ne5 Bc1 66. Kd3 Kd6
1/2-1/2

[Event "5. Campeonato Iberoamericano 2014"]
[Site "Linares ESP"]
[Date "2014.07.25"]
[Round "4.15"]
[White "Camacho Collados, Marcos"]
[Black "Meneses Gonzalez, Kevin Moises"]
[Result "1-0"]
[WhiteElo "2440"]
[BlackElo "2316"]
[PlyCount "82"]
[EventDate "2014.07.22"]
[EventType "swiss"]
[EventRounds "9"]
[EventCountry "ESP"]
[Source "lmi"]
[SourceDate "2014.07.22"]

1. e4 c5 2. Nf3 d6 3. Bb5+ Nd7 4. O-O a6 5. Bxd7+ Bxd7 6. b3 Bg4 7. h3 Bh5 8.
Bb2 e6 9. d3 Nf6 10. Nbd2 Be7 11. Re1 O-O 12. a4 b5 13. Nf1 Qc7 14. Ng3 Bg6 15.
e5 Nd7 16. h4 h6 17. h5 Bh7 18. exd6 Qxd6 19. Ne5 Nf6 20. Ng4 Nd5 21. Ne4 Bxe4
22. dxe4 Nb4 23. Qe2 bxa4 24. Rxa4 Rad8 25. Ne3 Bf6 26. e5 Bxe5 27. Nc4 Bh2+
28. Kh1 Qf4 29. Be5 Qf5 30. Bxh2 Nxc2 31. Ne3 Nxe3 32. fxe3 Qd3 33. Qb2 Qd2 34.
Qxd2 Rxd2 35. Rc4 Rb8 36. Be5 Rxb3 37. Rg4 f6 38. Bxf6 Rb7 39. Be5 Rf7 40. Rg3
Rd3 41. Rg6 Re7 1-0

[Event "5. Campeonato Iberoamericano 2014"]
[Site "Linares ESP"]
[Date "2014.07.25"]
[Round "4.16"]
[White "Gutierrez Olivares, Daniel"]
[Black "Barria Zuniga, Daniel"]
[Result "1/2-1/2"]
[WhiteElo "2331"]
[BlackElo "2439"]
[PlyCount "91"]
[EventDate "2014.07.22"]
[EventType "swiss"]
[EventRounds "9"]
[EventCountry "ESP"]
[Source "lmi"]
[SourceDate "2014.07.22"]

1. c4 e6 2. Nf3 d5 3. g3 Nf6 4. Bg2 Be7 5. O-O O-O 6. b3 b6 7. Bb2 Bb7 8. d3 c5
9. Nbd2 Nc6 10. a3 Qd7 11. cxd5 Nxd5 12. Nc4 Rfd8 13. Qd2 Rac8 14. Rfd1 Qc7 15.
Rac1 b5 16. Nce5 Na5 17. Qc2 f6 18. Ng4 Qd7 19. h4 Qe8 20. Nd2 Qg6 21. Bf3 Nf4
22. Ne4 h5 23. Ne3 f5 24. Nd2 Nd5 25. Ng2 Qf7 26. e4 Nf6 27. Nf4 Ng4 28. Kg2
Bd6 29. Nh3 Be7 30. Nf4 Nc6 31. exf5 exf5 32. Re1 Bf6 33. Ne6 Rd6 34. Nxc5 Nd4
35. Bxd4 Bxd4 36. Nxb7 Rxc2 37. Nxd6 Rxc1 38. Rxc1 Qe6 39. Rc8+ Kh7 40. N2e4
fxe4 41. Bxe4+ g6 42. Rc7+ Bg7 43. Nf7 Qe8 44. Ng5+ Kh6 45. Nf7+ Kh7 46. Ng5+
1/2-1/2

[Event "5. Campeonato Iberoamericano 2014"]
[Site "Linares ESP"]
[Date "2014.07.25"]
[Round "4.17"]
[White "Roselli Mailhe, Bernardo"]
[Black "Gavilan Diaz, Mario"]
[Result "1-0"]
[WhiteElo "2425"]
[BlackElo "2287"]
[PlyCount "89"]
[EventDate "2014.07.22"]
[EventType "swiss"]
[EventRounds "9"]
[EventCountry "ESP"]
[Source "lmi"]
[SourceDate "2014.07.22"]

1. d4 g6 2. e4 Bg7 3. Nf3 c5 4. d5 d6 5. Nc3 Nf6 6. Be2 O-O 7. O-O e6 8. Nd2
exd5 9. exd5 a6 10. a4 Nbd7 11. Nc4 Ne5 12. Ne3 b6 13. f4 Ned7 14. Nc4 Ne8 15.
Bf3 f5 16. Be3 Ndf6 17. h3 Bd7 18. Qd3 b5 19. axb5 Bxb5 20. Rfe1 Bxc4 21. Qxc4
Qb6 22. Ra4 Nd7 23. b4 Bd4 24. Bxd4 cxd4 25. Nd1 d3+ 26. Kh2 dxc2 27. Qxc2 Nef6
28. Re6 Qd4 29. b5 Qc5 30. Qa2 Nb6 31. Rxa6 Qxb5 32. Rxa8 Rxa8 33. Qd2 Ne8 34.
Qe3 Rd8 35. Nc3 Nc4 36. Qe2 Qd7 37. Qxc4 Rc8 38. Qd4 Ng7 39. Re3 Qc7 40. Ne2
Rf8 41. Ra3 Ne8 42. Ra7 Qc2 43. Qc3 Qb1 44. Nd4 Qb6 45. Re7 1-0

[Event "5. Campeonato Iberoamericano 2014"]
[Site "Linares ESP"]
[Date "2014.07.25"]
[Round "4.18"]
[White "Cruz Ravina, Francisco Javier"]
[Black "Alsina Leal, Daniel"]
[Result "1/2-1/2"]
[WhiteElo "2311"]
[BlackElo "2550"]
[PlyCount "103"]
[EventDate "2014.07.22"]
[EventType "swiss"]
[EventRounds "9"]
[EventCountry "ESP"]
[Source "lmi"]
[SourceDate "2014.07.22"]

1. e4 c5 2. Nf3 d6 3. d4 cxd4 4. Qxd4 Nc6 5. Bb5 Bd7 6. Bxc6 Bxc6 7. Nc3 Nf6 8.
Bg5 e6 9. Bxf6 Qxf6 10. Qe3 Qd8 11. O-O-O Be7 12. Kb1 a6 13. Nd4 Bd7 14. f4 O-O
15. Rhf1 Rc8 16. e5 dxe5 17. fxe5 Qc7 18. Rd3 b5 19. Nce2 b4 20. Qe4 Bc6 21.
Nxc6 Qxc6 22. Qxc6 Rxc6 23. Rd7 Bg5 24. Nd4 Rc5 25. Nf3 Bd8 26. Re1 Bc7 27. Re4
a5 28. Rdd4 Rd8 29. Rxd8+ Bxd8 30. Ne1 Kf8 31. Nd3 Rc6 32. h3 Bb6 33. Kc1 Rc8
34. Kd2 Ke7 35. Rg4 g6 36. b3 Rd8 37. c3 bxc3+ 38. Kxc3 Rd5 39. Rc4 h5 40. g4
hxg4 41. hxg4 g5 42. a3 Kd7 43. Re4 Kc6 44. Rc4+ Kb7 45. Re4 Rd8 46. Nb2 Rh8
47. Nc4 Rh3+ 48. Kc2 Rg3 49. Kb2 Bc7 50. Kc2 Kc6 51. Rd4 Rg2+ 52. Kc3 1/2-1/2

[Event "5. Campeonato Iberoamericano 2014"]
[Site "Linares ESP"]
[Date "2014.07.25"]
[Round "4.19"]
[White "Silva, Luis Neves Da"]
[Black "Matamoros Franco, Carlos S"]
[Result "1/2-1/2"]
[WhiteElo "2218"]
[BlackElo "2525"]
[PlyCount "75"]
[EventDate "2014.07.22"]
[EventType "swiss"]
[EventRounds "9"]
[EventCountry "ESP"]
[Source "lmi"]
[SourceDate "2014.07.22"]

1. d4 e6 2. c4 Bb4+ 3. Bd2 a5 4. e4 d5 5. a3 Bxd2+ 6. Nxd2 Nc6 7. Ngf3 Nge7 8.
Be2 O-O 9. O-O dxe4 10. Nxe4 Nf5 11. d5 exd5 12. cxd5 Nce7 13. Nc3 Nd6 14. Rc1
Ng6 15. Qd2 Qf6 16. Qd4 Qxd4 17. Nxd4 Bd7 18. Rc2 Ne7 19. Bb5 Rfd8 20. Rfc1
Rac8 21. h3 g6 22. Bd3 h5 23. Ne4 Ne8 24. Nc5 Rb8 25. d6 cxd6 26. Nxd7 Rxd7 27.
Bb5 Rdd8 28. Re1 Kf8 29. Nb3 b6 30. Nd4 Rbc8 31. Rce2 Rc7 32. f4 Nf6 33. Kf2 d5
34. Kf3 Nc8 35. Bc6 Re7 36. Rxe7 Nxe7 37. g4 hxg4+ 38. hxg4 1/2-1/2